<?xml version="1.0" encoding="UTF-8"?>
<record
    xmlns:xsi="http://www.w3.org/2001/XMLSchema-instance"
    xsi:schemaLocation="http://www.loc.gov/MARC21/slim http://www.loc.gov/standards/marcxml/schema/MARC21slim.xsd"
    xmlns="http://www.loc.gov/MARC21/slim">

  <leader>00490nam a22001577a 4500</leader>
  <controlfield tag="003">OSt</controlfield>
  <controlfield tag="005">20160401155016.0</controlfield>
  <controlfield tag="008">160401b        xxu||||| |||| 00| 0 eng d</controlfield>
  <datafield tag="040" ind1=" " ind2=" ">
    <subfield code="c">RUA</subfield>
  </datafield>
  <datafield tag="082" ind1=" " ind2=" ">
    <subfield code="a">FIS &#x17A0;&#x17C1;&#x1784; 1995 B473 Or.1</subfield>
  </datafield>
  <datafield tag="100" ind1=" " ind2=" ">
    <subfield code="9">8303</subfield>
    <subfield code="a">&#x17A0;&#x17C1;&#x1784; &#x1796;&#x1793;&#x17D2;&#x179B;&#x17C3;</subfield>
  </datafield>
  <datafield tag="245" ind1=" " ind2=" ">
    <subfield code="a">Fry nursing of hybrid catfish, &#x1780;&#x17B6;&#x179A;&#x1790;&#x17C2;&#x1794;&#x17C6;&#x1794;&#x17C9;&#x1793;&#x178F;&#x17D2;&#x179A;&#x17B8;&#x17A2;&#x178E;&#x17D2;&#x178F;&#x17C2;&#x1784;&#x1780;&#x17BC;&#x1793;&#x1780;&#x17B6;&#x178F;&#x17CB;</subfield>
  </datafield>
  <datafield tag="260" ind1=" " ind2=" ">
    <subfield code="a">Phnom Penh</subfield>
    <subfield code="b">RUA</subfield>
    <subfield code="c">1995</subfield>
  </datafield>
  <datafield tag="300" ind1=" " ind2=" ">
    <subfield code="a">65p.</subfield>
    <subfield code="b">ill.</subfield>
    <subfield code="c">29cm.</subfield>
  </datafield>
  <datafield tag="942" ind1=" " ind2=" ">
    <subfield code="2">ddc</subfield>
    <subfield code="c">FOR</subfield>
  </datafield>
  <datafield tag="999" ind1=" " ind2=" ">
    <subfield code="c">7940</subfield>
    <subfield code="d">7940</subfield>
  </datafield>
  <datafield tag="952" ind1=" " ind2=" ">
    <subfield code="0">0</subfield>
    <subfield code="1">0</subfield>
    <subfield code="2">ddc</subfield>
    <subfield code="4">0</subfield>
    <subfield code="6">FIS_&#x17A0;&#x17C1;&#x1784;_1995_000000000000000_B473_OR_1</subfield>
    <subfield code="7">0</subfield>
    <subfield code="9">45568</subfield>
    <subfield code="a">LBB</subfield>
    <subfield code="b">LBB</subfield>
    <subfield code="c">B473</subfield>
    <subfield code="d">2016-04-01</subfield>
    <subfield code="l">1</subfield>
    <subfield code="o">FIS &#x17A0;&#x17C1;&#x1784; 1995 B473 Or.1</subfield>
    <subfield code="p">RUA011609</subfield>
    <subfield code="r">2017-02-10</subfield>
    <subfield code="s">2017-02-06</subfield>
    <subfield code="w">2016-04-01</subfield>
    <subfield code="y">FOR</subfield>
  </datafield>
  <datafield tag="952" ind1=" " ind2=" ">
    <subfield code="0">0</subfield>
    <subfield code="1">0</subfield>
    <subfield code="2">ddc</subfield>
    <subfield code="4">0</subfield>
    <subfield code="6">FIS_&#x17A0;&#x17C1;&#x1784;_1995_000000000000000_B473_OR_2</subfield>
    <subfield code="7">0</subfield>
    <subfield code="9">45718</subfield>
    <subfield code="a">LBB</subfield>
    <subfield code="b">LBB</subfield>
    <subfield code="d">2016-05-19</subfield>
    <subfield code="o">FIS &#x17A0;&#x17C1;&#x1784; 1995 B473 Or.2</subfield>
    <subfield code="p">RUA011673</subfield>
    <subfield code="r">2016-05-19</subfield>
    <subfield code="w">2016-05-19</subfield>
    <subfield code="y">FOR</subfield>
  </datafield>
</record>
